Macbeth (Record no. 91689)

MARC details
000 -LEADER
campo de control de longitud fija 01071nam a2200265 i 4500
001 - NÚMERO DE CONTROL
campo de control 91689
003 - IDENTIFICADOR DE NÚMERO DE CONTROL
campo de control ES-MaACL
005 - FECHA Y HORA DE LA ÚLTIMA TRANSACCIÓN
campo de control 20250516155430.0
007 - CAMPO FIJO DE DESCRIPCIÓN FÍSICA--INFORMACIÓN GENERAL
campo de control de longitud fija t|
008 - DATOS DE LONGITUD FIJA--INFORMACIÓN GENERAL
campo de control de longitud fija 040207s2004 sp a ||||1| spa d
080 ## - NÚMERO DE LA CLASIFICACIÓN DECIMAL UNIVERSAL
Número de la Clasificación Decimal Universal 782.1(083.97)
245 00 - MENCIÓN DEL TÍTULO
Título Macbeth
Resto del título : ópera en cuatro actos /
Mención de responsabilidad, etc. Giuseppe Verdi ; libreto de Francesco Maria Piave con material adicional de Andrea Maffei, basado en la obra homónima de Shakespeare.
260 ## - PUBLICACIÓN, DISTRIBUCIÓN, ETC.
Lugar de publicación, distribución, etc. [Madrid] :
Nombre del editor, distribuidor, etc. Teatro Real,
Fecha de publicación, distribución, etc. 2004.
300 ## - DESCRIPCIÓN FÍSICA
Extensión 173 p. :
Otras características físicas il. col. y n. ;
Dimensiones 24 cm.
500 ## - NOTA GENERAL
Nota general Teatro Real, temporada 2004-2005 en anteportada.
500 ## - NOTA GENERAL
Nota general Programa de las representaciones habidas los días 2,4,5,7,8,10,12,13,15,16,19,21 de noviembre de 2004.
500 ## - NOTA GENERAL
Nota general Texto del libreto en italiano y traducción al español.
650 #4 - PUNTO DE ACCESO ADICIONAL DE MATERIA--TÉRMINO DE MATERIA
Término de materia o nombre geográfico como elemento de entrada Óperas-
Subdivisión general Programas.
9 (RLIN) 170038
700 1# - ENTRADA AGREGADA--NOMBRE PERSONAL
Nombre de persona Verdi, Giuseppe,
Fechas asociadas al nombre 1813-1901
9 (RLIN) 240500
700 1# - ENTRADA AGREGADA--NOMBRE PERSONAL
Nombre de persona Piave, Francesco Maria.
9 (RLIN) 91755
700 1# - ENTRADA AGREGADA--NOMBRE PERSONAL
Nombre de persona Maffei, Andrea.
9 (RLIN) 75425
710 2# - ENTRADA AGREGADA--NOMBRE DE ENTIDAD CORPORATIVA
Nombre de entidad corporativa o nombre de jurisdicción como elemento de entrada Teatro Real (Madrid)
9 (RLIN) 6926
852 ## - LOCALIZACIÓN
Ubicación ES-MaACL
Número de control de estantería L-28796
Holdings
Estatus retirado Estado de pérdida Estado de daño No para préstamo Biblioteca de origen Biblioteca actual Ubicación en estantería Fecha de adquisición Fuente de adquisición Total de préstamos Signatura topográfica completa Código de barras Visto por última vez Precio de reemplazo Tipo de ítem Koha
        Biblioteca del Ateneo de Madrid Biblioteca del Ateneo de Madrid Depósito 2 17/01/2008     L-28796 1095731 23/02/2023 23/02/2023 Libro impreso